LEADER 01481nam a2200337 a 4500 001 000000164779 003 CaOOAMICUS 005 20171204103927.0 008 171204s2014 sp ae u000 u spa r 020 $a9788415069720* 032 $aLibriCat 040 $aPUL$bita 082 04$a946 100 1 $aBlazquez Martinez, José Maria.$0(OLS)http://pul/name/106020 245 10$aEstudios sobre España, Norte de Africa y el Proximo Oriente en la antigüedad /$cJose? Mari?a Bla?zquez Marti?ez. 260 $aMadrid :$bReal Academia de la Historia,$c2014. 300 $a690 p. :$bill., piante ;$c21 cm. 490 1 $aClave historial ;$v43 504 $aBibliografia in nota. 651 4$aOriente$xAntichità.$0(OLS)http://pul/subject/17146 651 4$aAfrica$xStoria.$0(OLS)http://pul/subject/9917 651 4$aSpagna$xStoria.$0(OLS)http://pul/subject/2911 830 0$aClave historial ;$v43.$0(OLS)http://pul/title/204465 850 $aPUL 852 $aPUL$W1$xDP2 Filosofia 3$y112$m946 BLAJO 2$j188957$qDDC 21$B192098$CPULBib$Z2$F192098 $H130225 $82 941 1 $a9 996 $6020$a9788415069720*$9(OLS)http://pul/number/163296 996 $6082$a946$9(OLS)http://pul/classification/3092 996 $6245$aEstudios sobre España, Norte de Africa y el Proximo Oriente en la antigüedad$9(OLS)http://pul/title/204466 996 $6260$aMadrid :$bReal Academia de la Historia$9(OLS)http://pul/publisher/86583 LEADER 01276nam a2200265 u 4500 001 000000110250 003 CaOOAMICUS 005 20080303124317.0 008 080303s2007 it u000 u ita u 020 $a88-14-13377-8 040 $aPUL$bita$dMCT 100 1 $aPergami, Federico.$0(OLS)http://pul/name/13844 245 10$aAmministrazione della giustizia e interventi imperiali nel sistema processuale della tarda antichità /$cFederico Pergami. 260 $aMilano :$bGiuffrè,$c2007. 300 $a159 p. ;$c24 cm. 490 1 $aUniversità degli Studi di Bergamo Facoltà di Giurisprudenza 500 $aComprende indici. 650 4$aDiritto romano$xFonti.$0(OLS)http://pul/subject/1707 830 0$aUniversità degli Studi di Bergamo Facoltà di Giurisprudenza.$0(OLS)http://pul/title/138626 850 $aPUL 852 $aPUL$W1$xSL Diritto e Scienze Sociali 3$y79$m347. 37 PERFE 1$j126278$qDDC 21$B125004$CPULBib$Z2$F125004 $H106420 $82 941 1 $a9 996 $6020$a88-14-13377-8$9(OLS)http://pul/number/137281 996 $6245$aAmministrazione della giustizia e interventi imperiali nel sistema processuale della tarda antichità$9(OLS)http://pul/title/138625 996 $6260$aMilano :$bGiuffrè$9(OLS)http://pul/publisher/48401